| 000 | 01629nam a22002777a 4500 | ||
|---|---|---|---|
| 003 | Uzh_bibl | ||
| 008 | 250401b |||||||| |||| 00| 0 ukr d | ||
| 020 |
_a966-575-137-9 _c13.96 |
||
| 040 | _bукр. | ||
| 041 |
_2ukr _aukr |
||
| 080 | _a726.6(477) | ||
| 090 |
_a726.6(477) _bК 72 |
||
| 100 | _aКостриця, Микола | ||
| 245 |
_aПреображенський кафедральний собор у Житомирі. _cРед. Ю.О.Логінов _hТекст |
||
| 260 |
_aКиїв _bТехніка _c2004 |
||
| 300 |
_a144 с. _bІл. |
||
| 490 | _aНаціональні святині України | ||
| 520 | _aКнижку присвячено одній з сакральних споруд України Спасо-Преображенському кафедральному собору у Житомирі. Дуже стримане внутрішнє оформлення, властиве скоріше католицьким храмам, привертає увагу до надзвичайно гармонійних пропорцій храму, просторового об'єму та місцевих оздоблюваних матеріалів. | ||
| 521 | _aДля широкого кола читачів | ||
| 546 | _aукр. | ||
| 650 | _aНауково-популярне видання | ||
| 653 |
_aІсторія і архітектура. _a Настоятелі і священнослужителі. _aНекрополь. |
||
| 655 |
_aРелігія _vТуристичний путівник |
||
| 700 | _aГ.П. Мокрицький | ||
| 942 |
_2udc _cBK |
||
| 999 |
_c17429 _d17429 |
||